| 000 | 01786nam0a2200373 4500 | ||
|---|---|---|---|
| 001 | RU\NLR\BIBL_A\022709012 | ||
| 005 | 20260330151604.0 | ||
| 010 |
_a978-5-00125-911-4 _9100 |
||
| 021 |
_aRU _bКН-П-25-073903 _9КН-П-25-7161 |
||
| 035 | _a(NLR Aleph) 022709012 | ||
| 090 |
_a13647083 _c13647083 |
||
| 100 | _a20260126d2025 u y0rusy50 ca | ||
| 101 | 0 | _arus | |
| 102 | _aRU | ||
| 105 | _aac z 000gy | ||
| 181 | 0 |
_ai3 _baxxe |
|
| 182 | 0 | _an | |
| 200 | 1 |
_aСборник стихов _fLёка _g[иллюстрации Е. А. Дмитриенко] |
|
| 203 |
_aТекст _bвизуальный _cнепосредственный |
||
| 210 |
_aСанкт-Петербург _cРеноме _d2025 |
||
| 215 |
_a151 c. _cил., цв. ил., портр. _d19 |
||
| 300 | _aНа обороте тит. с. и авантит. авт.: Lёка (Алексей Тихонович Дмитриенко) | ||
| 327 | 1 | _aСодерж.: Цвет - ты: концептуальный поэтический сборник, 2020; Брызги цвет - off: неконцептуальные поэтические последствия, 2020; Post scriptum; Песенная лирика: концептуальный музыкальный CD-альбом #неначать, 2016; Другие тексты песен Алексея Дмитриенко; На бис | |
| 333 | _a16+ | ||
| 686 | 2 | _aШ6(2=Р)8-5 | |
| 686 | 2 | _aШ6(2=Р)8-53 | |
| 700 | 0 |
_aLёка _cпсевдоним _3RU\NLR\AUTH\770238836 |
|
| 702 | 1 |
_aДмитриенко _bЕ. А. _cиллюстратор _3RU\NLR\AUTH\770238837 _4440 |
|
| 942 | _cBOOK | ||
| 980 | _aNB | ||